An A–Z of client care for APC (Record no. 121540)
[ view plain ]
| 000 -LEADER | |
|---|---|
| fixed length control field | 00958nas a22002417a 4500 |
| 007 - PHYSICAL DESCRIPTION FIXED FIELD--GENERAL INFORMATION | |
| fixed length control field | ta |
| 008 - FIXED-LENGTH DATA ELEMENTS--GENERAL INFORMATION | |
| fixed length control field | 230061e20230615xxk||||o |||| 00| 0 eng d |
| 041 ## - LANGUAGE CODE | |
| Language code of text/sound track or separate title | eng |
| 100 ## - MAIN ENTRY--PERSONAL NAME | |
| Personal author | Lemen, Jen |
| 110 ## - MAIN ENTRY--CORPORATE NAME | |
| 9 (RLIN) | 4900 |
| Corporate author | Royal Institution of Chartered Surveyors |
| 245 ## - TITLE STATEMENT | |
| Title | An A–Z of client care for APC |
| Statement of responsibility, etc | [electronic resource] |
| 260 ## - PUBLICATION INFORMATION | |
| Publisher | Royal Institution of Chartered Surveyors, |
| Date | 29 May 2023 |
| 490 ## - SERIES TITLE | |
| Series statement | RICS Property Journal |
| Volume | 29 May 2023 |
| 520 ## - ABSTRACT | |
| Abstract | A thorough understanding of the client and its instruction as well as clear written records are fundamental to successfully achieving the mandatory Client care competency |
| 650 ## - KEYWORDS | |
| Keywords | Client care |
| 650 ## - KEYWORDS | |
| Keywords | Conflicts of interest |
| 650 ## - KEYWORDS | |
| Keywords | Money Laundering |
| 650 ## - KEYWORDS | |
| Keywords | APC |
| 651 ## - SUBJECT ADDED ENTRY--GEOGRAPHIC NAME | |
| Geographic name | International |
| 690 ## - LOCAL SUBJECT ADDED ENTRY--TOPICAL TERM (OCLC, RLIN) | |
| 9 (RLIN) | 6225 |
| Topical term or geographic name as entry element | Building surveying |
| 700 ## - ADDED PERSONAL NAME | |
| Added personal author | Lemen, Jen |
| 856 ## - ONLINE RESOURCE | |
| Uniform Resource Identifier | https://ww3.rics.org/uk/en/journals/property-journal/client-care-apc-rics.html |
| Public note | Available from RICS journals |
| Withdrawn status | Lost status | Damaged status | Not for loan | Home library | Current library | Shelving location | Date acquired | Total Checkouts | Date last seen | Price effective from | Koha item type |
|---|---|---|---|---|---|---|---|---|---|---|---|
| Virtual | Virtual | Journal article | 15/06/2023 | 15/06/2023 | 15/06/2023 | Journal article |